<?xml version="1.0" encoding="UTF-8"?>
<collection xmlns="http://www.loc.gov/MARC21/slim">
 <record>
  <leader>     na                 </leader>
  <controlfield tag="001">INLIS000000000001007</controlfield>
  <controlfield tag="005">20220328014815</controlfield>
  <datafield tag="035" ind1=" " ind2=" ">
   <subfield code="a">0010-0621000607</subfield>
  </datafield>
  <controlfield tag="008">220328                           0 ind  </controlfield>
  <datafield tag="245" ind1="1" ind2=" ">
   <subfield code="a">Dasar - Dasar Etika Dan Moralitas ( Pengantar Kajian Etika Profesi Hukum )</subfield>
  </datafield>
  <datafield tag="100" ind1="1" ind2=" ">
   <subfield code="a">Wiranata, I Gede A.B.</subfield>
  </datafield>
  <datafield tag="260" ind1=" " ind2=" ">
   <subfield code="a">Bandung :</subfield>
   <subfield code="b">Citra Aditya Bakti,</subfield>
   <subfield code="c">2005</subfield>
  </datafield>
  <datafield tag="300" ind1=" " ind2=" ">
   <subfield code="a">458 hlm. ;</subfield>
   <subfield code="c">21,5 cm.</subfield>
  </datafield>
  <datafield tag="020" ind1=" " ind2=" ">
   <subfield code="a">979-414-928-4</subfield>
  </datafield>
  <datafield tag="084" ind1=" " ind2=" ">
   <subfield code="a">174 WIR d</subfield>
  </datafield>
  <datafield tag="520" ind1=" " ind2=" ">
   <subfield code="a">DASAR-DASAR ETIKA DAN MORALITAS.Akhir-akhir ini banyak terjadi benturan perilaku manusia, baik sebagai pribadi maupun kelompok di masyarakat. pengingkaran atas hak personal seseorang oleh orang lain dan terpolusinya perilaku profesi merupakan sebagian dari permasalahan profesi yang justru dilakukan oleh profesional itu sendiri. Perilaku demikian juga telah merasuki kalangan profesional termasuk pada profesi hukum. Krisis multidimensi yang melanda negeri ini, harus diakui secara jujur adalah suatu perwujudan nyata anak bangsa yang tidak mendengarkan hati nuraninya dalam berbuat di segala bidang. Krisis moral dan akhlak harusnya disikapi dengan cara membangun kembali tatanan nilai dengan berpijak pada konsep kesetaraan etika dan moral dasar. Bagi profesional, seharusnya dalam setiap perbuatan, harus mengedepankan etika dan moralnya sehingga tidak akan muncul pengingkaran atas hak-hak personal. Sebagaimana profesi pada umumnya, profesi hukum tidak saja menyangkut sebuah kepercayaan/amanat seseorang secara individu, tetapi juga akan terkait dengan kepentingan umum (public trust). Karena itu, perlindungan kepentingan pribadi dan kepentingan umum selain diatur oleh perangkat hukum, juga akan terpulang pada atUran-aturan hidup manusia yang tidak tertulis yang berpusat pada hati nuraninya sendiri, yakni kewajiban agama, etika, dan moral. Dengan demikian akan terdapat kesetaraan antara kepentingan pribadi dan kepentingan umum. Dalam lapangan hukum, berkali-kali muncul kritik terhadap keberadaan pengadilan sebagai lembaga pencari keadilan. Pengadilan adalah benteng terakhir di mana moralitas dan hukum harusnya berfungsi maksimal. Hukum haruslah menjadi panglima. Namun, sangat disayangkan, idealisme penegakan hukum menjadi tercoreng justru oleh aparatnya sendiri. Betapa tidak, perilaku tidak terpuji semakin sering dilakukan antara aparat penegak hukum dan sesama penegak hukum lain. Seorang hakim bersitegang dengan panitera bahkan sampai baku hantam di ruang sidang ataupun pengacara dilempar sepatu oleh kerabat terdakwa karena telah diminta sejumlah uang dengan janji perkaranya akan menang. Terakhir, di lingkungan Mahkamah Agung sendiri terjadi kolusi yang akhirnya oleh pers dan masyarakat kemudian ditengarai telah terjadi mafia di dunia hukum dan peradilan.Masyarakat awam telanjur memberi label bahwa pengadilan adalah alat kekuasaan hukum semata dan tidak lebih dari corong undang-undang tanpa memberi penegasan makna. Dalil-dalil pembuktian didasarkan hanya atas dasar fakta hukum, tidak berdasar logika dan filsafat moral. Padahal, secara teori dapat diasumsikan bahwa dalam rangka perumusan hukum harus disandarkan pada asumsi nilai moralitas dan prinsip- prinsip humanis. Hal ini semakin memperkuat dugaan mengapa sangat jarang putusan hakim kini, meski telah memiliki kekuatan hukum tetap, akan dijadikan pertimbangan dalam memutus sebuah perkara sejenis yang muncul di kemudian hari.</subfield>
  </datafield>
  <datafield tag="082" ind1=" " ind2=" ">
   <subfield code="a">174</subfield>
  </datafield>
  <datafield tag="650" ind1=" " ind2="4">
   <subfield code="a">Etika. Profesi</subfield>
  </datafield>
  <datafield tag="990" ind1=" " ind2=" ">
   <subfield code="a">035657</subfield>
  </datafield>
  <datafield tag="990" ind1=" " ind2=" ">
   <subfield code="a">035658</subfield>
  </datafield>
  <datafield tag="990" ind1=" " ind2=" ">
   <subfield code="a">035659</subfield>
  </datafield>
  <datafield tag="990" ind1=" " ind2=" ">
   <subfield code="a">035660</subfield>
  </datafield>
  <datafield tag="990" ind1=" " ind2=" ">
   <subfield code="a">035661</subfield>
  </datafield>
 </record>
</collection>
